| 000 | 00611nam a2200229Ia 4500 | ||
|---|---|---|---|
| 003 | OSt | ||
| 005 | 20250722094616.0 | ||
| 008 | 210423s2011 xx 000 0 und d | ||
| 020 | _a978-500-28896-2 | ||
| 040 | _cAL | ||
| 041 | _aEnglish | ||
| 082 |
_a070.49 _bALUW |
||
| 100 |
_aJames Aulich _9106623 |
||
| 245 |
_aWar posters _b: weapons of mass communication |
||
| 260 |
_aLondon _bThames and Hudson _c2011 |
||
| 300 |
_a256 _bPB |
||
| 365 |
_b2800 _cINR |
||
| 650 |
_aGeneral _9106624 |
||
| 650 |
_aJournalism _9106625 |
||
| 906 | _acommunication ; mass ; posters: ; War ; weapons | ||
| 942 |
_2ddc _cBK |
||
| 999 |
_c167569 _d167569 |
||